| 000 | 00371cam a2200145ua 4500 | ||
|---|---|---|---|
| 041 |
_ahin _h |
||
| 082 |
_a891.54 _bGAN/BH |
||
| 100 | _aGandhi, M K. | ||
| 245 |
_aBharathiya vidyarthiyomka sandesh / _cGandhi. _hTextual Documents |
||
| 260 |
_aAhmadabad : _bNavajivan publishing house , _c1962. |
||
| 300 | _a68 ; . | ||
| 504 | _a | ||
| 942 | _cBK | ||
| 999 |
_c11697 _d11697 |
||